Normal view
MARC view
- Iqrar Hussain Shah
Entry Personal Name
001 - CONTROL NUMBER
- control field: 28436
003 - CONTROL NUMBER IDENTIFIER
- control field: NUST
005 - DATE AND TIME OF LATEST TRANSACTION
- control field: 20200211113416.0
008 - FIXED-LENGTH DATA ELEMENTS
- fixed length control field: 200211|| aca||aabn | a|a d
040 ## - CATALOGING SOURCE
- Original cataloging agency: NUST
- Transcribing agency: NUST
100 ## - HEADING--PERSONAL NAME
- Personal name: Iqrar Hussain Shah
670 ## - SOURCE DATA FOUND
- Source citation: Work cat.: (NUST): Iqrar Hussain Shah, Maza Nigarian, c2000
